Tradiciones costarricenses

Guardat en:
Dades bibliogràfiques
Autor principal: Chacón Trejos, Gonzalo
Format: Llibre
Idioma:Undetermined
Publicat: San José, Costa Rica Editorial Costa Rica 1990
Edició:5
Matèries:
Etiquetes: Afegir etiqueta
Sense etiquetes, Sigues el primer a etiquetar aquest registre!

MARC

LEADER 00000nam a2200000Ia 4500
008 170316s9999 xx 000 0 und d
040 |a cru BVZT 
090 |a 868 Ch-1t 
100 |a Chacón Trejos, Gonzalo 
245 |a Tradiciones costarricenses 
250 |a 5 
260 |a San José, Costa Rica  |b Editorial Costa Rica  |c 1990 
300 |a 139 páginas 
650 |a LITERATURA COSTARRICENSE 
942 |c 15 D 
999 |c 10871  |d 10871